[Event "NCA-chT"]
[Site "Managua"]
[Date "2015.11.29"]
[Round "8.4"]
[White "Granados Ortiz, Fidel"]
[Black "Medrano, Byron"]
[Result "1/2-1/2"]
[WhiteElo "1856"]
[BlackElo "1853"]
[PlyCount "60"]
[EventDate "2015.11.14"]
[EventType "team-tourn"]
[EventRounds "9"]
[EventCountry "NCA"]
[SourceTitle "EXT 2018"]
[Source "ChessBase"]
[SourceDate "2017.10.13"]
[SourceVersion "1"]
[SourceVersionDate "2017.10.13"]
[SourceQuality "1"]
[WhiteTeam "Granados Lazaro"]
[BlackTeam "Gigantes de Occidente"]
[WhiteTeamCountry "NCA"]
[BlackTeamCountry "NCA"]

1. e4 e5 2. Nf3 Nc6 3. Bc4 Nf6 4. d3 Be7 5. 0-0 0-0 6. Nc3 d6 7. h3 Be6 8. Bg5 h6 9. Bxf6 Bxf6 10. Nd5 Bxd5 11. Bxd5 Qd7 12. c3 Ne7 13. Bb3 Ng6 14. Qd2 Rad8 15. Rad1 Nf4 16. d4 Qe7 17. dxe5 dxe5 18. Qe3 a6 19. Kh2 g6 20. g3 Ne6 21. Qxh6 Bg7 22. Qe3 Qf6 23. Rxd8 Rxd8 24. Rd1 Rxd1 25. Bxd1 Kh7 26. Kg2 Bh6 27. Qd3 c6 28. Bb3 Bc1 29. Bxe6 Qxe6 30. b3 Kg7 1/2-1/2

[Event "NCA-chT Primera Division"]
[Site "Managua"]
[Date "2012.02.17"]
[Round "2.4"]
[White "Fonseca Cabrera, Ernesto Gregorio"]
[Black "Medrano, Byron"]
[Result "1-0"]
[WhiteElo "2209"]
[BlackElo "1882"]
[PlyCount "127"]
[EventDate "2012.02.17"]
[EventType "swiss"]
[EventRounds "9"]
[EventCountry "NCA"]
[SourceTitle "EXT 2024"]
[Source "ChessBase"]
[SourceDate "2023.10.10"]
[SourceVersion "1"]
[SourceVersionDate "2023.10.10"]
[SourceQuality "1"]

1. Nf3 d5 2. d4 e6 3. c4 Nf6 4. Nc3 Be7 5. cxd5 exd5 6. Bg5 0-0 7. Qc2 c6 8. e3 h6 9. Bh4 Nbd7 10. Bd3 Re8 11. 0-0 Ne4 12. Bxe7 Qxe7 13. a3 Ndf6 14. b4 Bg4 15. Ne5 Rac8 16. Nxe4 dxe4 17. Bxe4 Nxe4 18. Qxe4 Be6 19. Qc2 Bd5 20. Rae1 f6 21. Nd3 Qe4 22. f3 Qg6 23. e4 Bf7 24. Nf2 b5 25. Ng4 Red8 26. Qc3 Qg5 27. Ne3 Qf4 28. Nf5 Rd7 29. Qc5 Rcc7 30. Rd1 Bb3 31. Qc1 Qxc1 32. Rxc1 Kh7 33. Rc3 Be6 34. Rd1 Bxf5 35. exf5 Kg8 36. Kf2 Rd6 37. Re3 Kf7 38. Re4 a5 39. bxa5 Ra7 40. Rde1 Rdd7 41. Rc1 Rxa5 42. Rc3 Ra4 43. g4 Rdxd4 44. Rxd4 Rxd4 45. Rxc6 Ra4 46. Rc3 b4 47. axb4 Rxb4 48. Kg3 Rb2 49. h3 Rb1 50. Kh4 Rh1 51. Rc7+ Kf8 52. Kh5 Rxh3+ 53. Kg6 h5 54. Rf7+ Ke8 55. Rxg7 Rxf3 56. gxh5 Rg3+ 57. Kxf6 Rh3 58. Rh7 Rh2 59. Rh8+ Kd7 60. Kf7 Rh1 61. f6 Rh2 62. Rh7 Rg2 63. Rg7 Rf2 64. h6 1-0